| 000 | 02075cam a22004694i 4500 | ||
|---|---|---|---|
| 003 | PE-LiUPU | ||
| 005 | 20250731173459.0 | ||
| 008 | 150616s r 000 0 d | ||
| 020 | _a0664254527 | ||
| 035 | _a(Sirsi) i9780664254520 | ||
| 040 |
_aPE-LiUPU _bspa _cPE-LiUPU _erda |
||
| 049 | _aPRUA | ||
| 082 | 0 | 4 |
_a220.60973 _bW55 _221 |
| 100 | 1 |
_aWhite, J. Benton, _eautor. |
|
| 245 | 1 | 0 | _aTaking the Bible Seriously; Honest Differences About Biblical Interpretation. |
| 264 | 1 |
_aLouisville, Kentucky : _bWestminster/John Knox Press, _c1993. |
|
| 300 |
_a176 páginas ; _c23 centímetros |
||
| 336 |
_atext _2rdacontent |
||
| 337 |
_aunmediated _2rdamedia |
||
| 338 |
_avolume _2rdacarrier |
||
| 505 | 0 | _aThe battle over the Bible: a History -- The problem of "The bible alone" -- Roots of the current battle -- Defending the bible: The higher critics and the fundamentals -- Getting to the issues: Creationism -- History as myth or myth as history -- Foretelling the future: The prophets -- Prophets who aren't prophets: Daniel and revelation -- The bible as a Whole: Take it all to take it seriously -- The bible and Jesus: What he believed about the bible -- The bible and Jesus: What the bible teaches about him -- Drawing some conclusions. | |
| 526 | _aSEG42 | ||
| 526 | _aSEG41 | ||
| 526 | _aSEG40 | ||
| 526 | _aSEG39 | ||
| 526 | _aP94 | ||
| 526 | _aP87 | ||
| 526 | _aP86 | ||
| 526 | _aP85 | ||
| 526 | _aP77 | ||
| 526 | _aP76 | ||
| 526 | _aP35 | ||
| 630 |
_aBiblia _xCrítica, interpretación, etc. |
||
| 630 |
_aEstados Unidos _xHistoria _ySiglo XX. |
||
| 910 |
_ajck _bjvq _cjck |
||
| 942 |
_2ddc _cBOOK |
||
| 949 |
_a220.60973 W55 _wDEWEY _c1 _i40236 _lCCODEBUL1 _mBUL _r0 _sY _tBOOK _u2015-6-16 _xTEOLOGIA _zUNKNOWN _0COMPRA _o.STAFF. Colección General |
||
| 994 |
_aC0 _bPEPRU |
||
| 596 | _a1 | ||
| 999 |
_a220.60973 W55 _wDEWEY _c58035 _i40236 _f2021-11-9 _g5 _lCCODEBUL1 _mBUL _r0 _sY _tBOOK _u2015-6-16 _xTEOLOGIA _zUNKNOWN _0COMPRA _o.STAFF. Colección General _d58035 |
||
| 980 |
_81 _gALBERTO SANCHEZ Responsable de Automatización |
||